000 00361nam a2200145Ia 4500
008 230917s9999||||xx |||||||||||||| ||und||
040 _e60951
_aMAIN
041 _aEnglish
082 _a823.7 D555L
100 _aDickens, Charles
245 0 _aLife and adventures of Martin Chuzzlewit
260 _aMiddlesex
_bPenguin
_c1968
300 _a928 p.
942 _cBK
999 _c83287
_d83287